| 000 | 00407nam a2200145Ia 4500 | ||
|---|---|---|---|
| 008 | 240729s9999 xx 000 0 und d | ||
| 022 | _a2451-1781 | ||
| 245 | 0 | _aOpen Information Science | |
| 260 | _aPoland | ||
| 260 | _bDe Gruyter | ||
| 650 | _aBibliography. Library science. Information resources | ||
| 856 | _uhttps://doaj.org/toc/c00e4b58a8b14f90ae606cf52a19cc13 | ||
| 942 | _2ddc | ||
| 942 | _cDOAJEJ | ||
| 999 |
_c73905 _d73905 |
||
| 945 |
_a1 _bMadushi Gamage _c1 _dMadushi Gamage |
||